Nulidades procesales civiles y sentencia firme

Detalles Bibliográficos
Autor principal: Vilela Carbajal, Karla
Formato: eBook
Lenguaje:español
Publicado: Lima: Palestra Editores, 2007
Materias:
Acceso en línea:Acceso restringido

MARC

LEADER 00000nam a22000007a 4500
005 2019082705555.0
007 cr|||| ||||
008 190827s2007 pe |||||s|||| 00||0 spa d
020 |a 978-9972-224-45-4 
035 |a 24197 
040 |a vLex 
090 |c 9280  |d 9280 
100 1 |a Vilela Carbajal, Karla 
245 1 0 |a Nulidades procesales civiles y sentencia firme  |h [Recurso electrn̤ico] /  |c Karla Vilela Carbajal 
256 |a Servicio en ln̕ea 
260 |a Lima:  |b Palestra Editores,  |c 2007 
300 |a 1 recurso electrn̤ico 
506 1 |a Disponible solo en los productos indicados  |d vLex Global  |d vLex Global (Academic Edition, excluding Law Schools)  |d vLex Global (U.S. Academic Edition, Law Schools)  |d vLex Global (U.S. Academic Edition, excluding Law Schools)  |d vLex Global (Academic Edition, Law Schools) 
650 0 4 |a Procedimiento Civil  |z Per︢ 
740 0 |a vLex Libros (Servicio en ln̕ea) 
856 4 0 |u http://vlex.com/source/nulidades-procesales-civiles-sentencia-firme-24197  |z Acceso restringido 
942 |c BOOK 
999 0 |a Civil Procedure